All Country Flags Featuring Stars - Statistics

General Stats
  • This quiz has been taken 34 times
    26 since last reset
  • The average score is 45 of 69
Answer Stats
Stars Flags Countries % Correct
50 Flag of the United States United States
100%
6 Australia
94%
4 New Zealand
94%
1 Vietnam
94%
5 China
88%
1 D.R. Congo
88%
4 F.S. Micronesia
88%
27 Flag of Brazil Brazil
82%
5 Samoa
82%
1 Chile
76%
1 North Korea
76%
1 Senegal
76%
1 Somalia
76%
2 St. Kitts & Nevis
76%
7 Flag of Tajikistan Tajikistan
76%
1 Turkey
76%
5 Turkmenistan
76%
12 Flag of Uzbekistan Uzbekistan
76%
1 Algeria
71%
1 Ethiopia
71%
1 Jordan
71%
1 Morocco
71%
1 Myanmar
71%
1 Nauru
71%
5 Papua New Guinea
71%
5 Solomon Islands
71%
3 Syria
71%
1 Tunisia
71%
9 Flag of Tuvalu Tuvalu
71%
8 Flag of Venezuela Venezuela
71%
1 Azerbaijan
65%
1 Cameroon
65%
4 Comoros
65%
1 Ghana
65%
1 Guinea-Bissau
65%
5 Honduras
65%
1 Israel
65%
1 Liberia
65%
1 Malaysia
65%
1 Mauritania
65%
1 Pakistan
65%
3 Philippines
65%
1 Angola
59%
9 Flag of Bosnia and Herzegovina Bosnia & Herzegovina
59%
3 Burundi
59%
10 Flag of Cape Verde Cape Verde
59%
1 Cuba
59%
1 Djibouti
59%
1 East Timor
59%
1 Libya
59%
1 Marshall Islands
59%
1 Mozambique
59%
2 São Tomé & Príncipe
59%
5 Singapore
59%
1 Burkina Faso
53%
1 Central African Republic
53%
10 Flag of Dominica Dominica
53%
2 Panama
53%
1 South Sudan
53%
1 Suriname
53%
7 Flag of Grenada Grenada
47%
1 Zimbabwe
47%
2 Flag of Croatia Croatia
41%
6 Flag of Kosovo Kosovo
41%
1 Togo
41%
7 Flag of Costa Rica Costa Rica
35%
6 Flag of Equatorial Guinea Equatorial Guinea
35%
1 Flag of Paraguay Paraguay
35%
3 Slovenia
29%
No matching quizzes found
Score Distribution
Percent of People with Each Score
Percentile by Number Answered
Your Score History
You have not taken this quiz since the last reset